书目信息 |
| 题名: |
甲午遗证
|
|
| 作者: | ;法制晚报社 编著 | |
| 分册: | ||
| 出版信息: | 北京 现代出版社 2014.9 |
|
| 页数: | 219页 | |
| 开本: | 24cm | |
| 丛书名: | ||
| 单 册: | ||
| 中图分类: | K256.306 | |
| 科图分类: | ||
| 主题词: | 中日甲午战争--zhong ri jia wu zhan zheng--史料 , 史料--shi liao | |
| 电子资源: | ||
| ISBN: | 978-7-5143-2696-3 | |
| 000 | 00998nam0 22002651 450 | |
| 001 | 0103153609 | |
| 005 | 20170503153609.0 | |
| 010 | @a978-7-5143-2696-3@dCNY36.00 | |
| 100 | @a20141124d2014 em y0chiy50 ea | |
| 101 | 0 | @achi |
| 102 | @aCN@b110000 | |
| 105 | @aa z 000yy | |
| 106 | @ar | |
| 200 | 1 | @a甲午遗证@9jia wu yi zheng@e赴日寻访甲午战争清军遗物纪实@f法制晚报社编著 |
| 210 | @a北京@c现代出版社@d2014.9 | |
| 215 | @a219页@c图,照片@d24cm | |
| 312 | @a封面副题名: 赴日寻访甲午战争清军遗物纪实 | |
| 330 | @a本书图文并茂,以实地采访经历为线索,现场拍摄照片为凭据,再辅以甲午战争亲历者后人的采访以及史料,将甲午战争系统的、立体的呈现给读者。 | |
| 517 | 1 | @a赴日寻访甲午战争清军遗物纪实@9fu ri xin fang jia wu zhan zheng qing jun yi wu ji shi |
| 606 | 0 | @a中日甲午战争@9zhong ri jia wu zhan zheng@j史料 |
| 606 | 0 | @a史料@9shi liao |
| 690 | @aK256.306@v5 | |
| 711 | 02 | @a法制晚报社@9fa zhi wan bao she@4编著 |
| 801 | 0 | @aCN@bTANGWEI@c20170308 |
| 905 | @b0967197-200@dK256.306@e57@f4 | |
| 甲午遗证:赴日寻访甲午战争清军遗物纪实/法制晚报社编著.-北京:现代出版社,2014.9 |
| 219页:图,照片;24cm |
| ISBN 978-7-5143-2696-3:CNY36.00 |
| 本书图文并茂,以实地采访经历为线索,现场拍摄照片为凭据,再辅以甲午战争亲历者后人的采访以及史料,将甲午战争系统的、立体的呈现给读者。 |
| ● |
| 相关链接 |
|
|
|
|
正题名:甲午遗证
索取号:K256.306/57
 
预约/预借
| 序号 | 登录号 | 条形码 | 馆藏地/架位号 | 状态 | 备注 |
| 1 | 0967197 | 209671979 | 第二样本阅览室/ [索取号:K256.306/57] | 在馆 | |
| 2 | 0967198 | 209671988 | 第二借阅区/ [索取号:K256.306/57] | 在馆 | |
| 3 | 0967199 | 209671997 | 第二借阅区/ [索取号:K256.306/57] | 在馆 | |
| 4 | 0967200 | 209672004 | 密集书库-史法系/ [索取号:K256.306/57] | 在馆 |